| 000 | 00000nam##2200000za#4500 |
| 001 | 9.695700 |
| 003 | CaOODSP |
| 005 | 20230202144025 |
| 007 | cr ||||||||||| |
| 008 | 150407|1995||||xxc|||||o f|0| 0 eng|d |
| 040 | |aCaOODSP|beng |
| 043 | |an-cn--- |
| 086 | 1 |aH72-21/139-1995E-PDF |
| 110 | 2 |aNational Clearinghouse on Family Violence (Canada). |
| 245 | 13|aAn examination of the association between histories of maltreatment and adolescent risk behaviours / |h[electronic resource]|c[by] Ian G. Manion and Susan Kay Wilson. |
| 260 | |aOttawa - Ontario : |bHealth Canada. |cc1995. |
| 300 | |a37p.|bgraphs, references, tables |
| 500 | |aThe catalogue number (H72-21/139-1995E) and ISBN (0-662-23798-6) for the print edition have been incorrectly copied in this electronic publication. |
| 590 | |a12-13-Supp|b2012-04-03 |
| 720 | 1 |aManion, Ian G. |
| 720 | 1 |aWilson, Susan K. |
| 775 | 08|tExamen de la relation entre les antécédents de mauvais traitements et les comportements à risque chez les adolescents / |w(CaOODSP)9.639829 |
| 776 | 0#|tAn examination of the association between histories of maltreatment and adolescent risk behaviours / |w(CaOODSP)9.646011 |
| 856 | 40|ahttp://publications.gc.ca|qPDF|s3.26 MB|uhttps://publications.gc.ca/collections/Collection/H72-21-139-1995E.pdf |